Normal view
MARC view
- Shabat, Oscar E .
Entry Personal Name
001 - CONTROL NUMBER
- control field: 1512
003 - CONTROL NUMBER IDENTIFIER
- control field: OSt
005 - DATE AND TIME OF LATEST TRANSACTION
- control field: 20160926102058.0
008 - FIXED-LENGTH DATA ELEMENTS
- fixed length control field: 160926|| aca||aabn | a|a d
040 ## - CATALOGING SOURCE
- Original cataloging agency: OSt
- Transcribing agency: OSt
100 ## - HEADING--PERSONAL NAME
- Personal name: Shabat, Oscar E .
670 ## - SOURCE DATA FOUND
- Source citation: Work cat.: (OSt)3772: Weinberg, Meyer . 1511, Society and Man / , 1956.
